000 00530nam a2200181 i 4500
001 135883
003 ES-MaACL
005 20231230063000.0
007 t|
008 070214s1931 sp r ||||1| spa d
100 1 _aRuiz Contreras, Luis,
_d1863-1953
_9100711
245 1 0 _aMedio siglo de teatro infructuoso /
_cLuis Ruiz Contreras.
250 _a2ª ed.
260 _aMadrid :
_b[s. n.],
_c1931 (
_fArtes Gráficas)
300 _a304 p. :
_bil. ;
_c19 cm.
852 _aES-MaACL
_jF-13773
999 _c135883
_d135883